Tierras, alimentos y población
-д хадгалсан:
| Байгууллагын зохиогч: | |
|---|---|
| Формат: | Ном |
| Хэл сонгох: | испани |
| Хэвлэсэн: |
Roma
FAO
1984
|
| Цуврал: | Colección FAO: Desarrollo Económico y Social, 30
|
| Нөхцлүүд: | |
| Шошгууд: |
Шошго нэмэх
Шошго байхгүй, Энэхүү баримтыг шошголох эхний хүн болох!
|
MARC
| LEADER | 00000nam a2200000 a 4500 | ||
|---|---|---|---|
| 001 | UCQ6366 | ||
| 003 | CL-VaPUC | ||
| 008 | 981016e19840000IT |||||||||||||||||spa|d | ||
| 082 | 0 | 4 | |a 630 |b FAO |2 21 |
| 110 | 2 | |a FAO |e author |9 420246 | |
| 245 | 1 | 0 | |a Tierras, alimentos y población |
| 300 | |a 110 p | ||
| 942 | |c BK | ||
| 945 | |d 19981016 00:00:00 |a aarredon | ||
| 260 | |a Roma |b FAO |c 1984 | ||
| 650 | 0 | |a Agricultura |9 255598 | |
| 650 | 0 | |a Alimentación |9 334197 | |
| 650 | 0 | |a Población |9 257577 | |
| 650 | 0 | |a Países en desarrollo |9 259663 | |
| 650 | 0 | |a Clima |9 265281 | |
| 650 | 0 | |a Suelos |9 260322 | |
| 650 | 7 | |a DESARROLLO AGRICOLA |2 CL-VaPUC |9 259759 | |
| 583 | |a last modification |c 19981016 00:00:00 |k Rodrigo Vera | ||
| 490 | 0 | |a Colección FAO: Desarrollo Económico y Social, 30 | |
| 999 | |c 276347 |d 276345 | ||